Indikátory úspechu startupov bakalárska práca

Gespeichert in:
Bibliographische Detailangaben
1. Verfasser: Trhanová, Monika
Körperschaft: Fakulta podnikového manažmentu EU. Katedra manažmentu
Weitere Verfasser: Bednár, Richard, 1985-
Format: Buch
Sprache:Slowakisch
Veröffentlicht: Bratislava 2018
Tags: Tag hinzufügen
Keine Tags, Fügen Sie das erste Tag hinzu!

MARC

LEADER 00000nbm a2200000 4500
001 0244711
005 20180918145014.4
041 0 |a slo 
044 |a SK 
245 1 0 |a Indikátory úspechu startupov  |b bakalárska práca  |c Monika Trhanová ; školiteľ: Richard Bednár 
264 1 |a Bratislava  |c 2018 
300 |a 65 s. 
100 1 |a Trhanová, Monika 
700 1 |a Bednár, Richard, 1985- 
710 2 |a Fakulta podnikového manažmentu EU. Katedra manažmentu